Fighiting Without Ceasing (Record no. 40)
[ view plain ]
| 000 -LEADER | |
|---|---|
| fixed length control field | 00341nam a22001337a 4500 |
| 008 - FIXED-LENGTH DATA ELEMENTS--GENERAL INFORMATION | |
| fixed length control field | 230602b xxu||||| |||| 00| 0 eng d |
| 020 ## - INTERNATIONAL STANDARD BOOK NUMBER | |
| International Standard Book Number | 9966967265 |
| 082 ## - DEWEY DECIMAL CLASSIFICATION NUMBER | |
| Classification number | 920.92 |
| Item number | MUT |
| 100 ## - MAIN ENTRY--PERSONAL NAME | |
| Titles and words associated with a name | Muthoni Kimani |
| Dates associated with a name | 2005 |
| 245 ## - TITLE STATEMENT | |
| Title | Fighiting Without Ceasing |
| 260 ## - PUBLICATION, DISTRIBUTION, ETC. (IMPRINT) | |
| Place of publication, distribution, etc. | Nairobi |
| Name of publisher, distributor, etc. | Noni's Publicity |
| 300 ## - PHYSICAL DESCRIPTION | |
| Extent | xviii,339 |
| Accompanying material | Pictorials |
| 942 ## - ADDED ENTRY ELEMENTS (KOHA) | |
| Source of classification or shelving scheme | Dewey Decimal Classification |
| Koha item type | Books |
| Withdrawn status | Lost status | Source of classification or shelving scheme | Damaged status | Not for loan | Home library | Current library | Date acquired | Total Checkouts | Full call number | Barcode | Date last seen | Price effective from | Koha item type |
|---|---|---|---|---|---|---|---|---|---|---|---|---|---|
| Dewey Decimal Classification | Bunge Tower Library | Bunge Tower Library | 06/02/2023 | 920.92 MUT | 10014541 | 06/02/2023 | 06/02/2023 | Books | |||||
| Dewey Decimal Classification | Bunge Tower Library | Bunge Tower Library | 06/07/2023 | 920.92 MUT | 10014543 | 06/07/2023 | 06/07/2023 | Books | |||||
| Dewey Decimal Classification | Bunge Tower Library | Bunge Tower Library | 06/21/2023 | 920.92 MUT | 10014542 | 06/21/2023 | 06/21/2023 | Books |
